banner-ar

دور الايرانيين في تاريخ الحضارة العالمية : (Record no. 62626)

MARC details
000 -الفاتح
حقل البيانات ثابتة الطول 01264nam a22002657a 4500
005 - وقت وتاريخ اخر تعامل مع التسجيلة
رقم الضبط 20240530110559.0
008 - عناصر البيانات ثابتة الطول - معلومات عامة
حقل البيانات ثابتة الطول 160903s2012 ua g 000 0dara d
017 ## - رقم الايداع القانونى
رقم الايداع القانونى 2012/9931
المصدر ( الهيئة المختصة) مصر . دار الكتب المصرية
020 ## - الرقم الدولى المعيارى للكتب
الرقم الدولى المعيارى للكتاب 9789772072644
040 ## - مصدر الفهرسة
وكالة الفهرسة الأصلية EG-CaGPL
082 04 - رقم تصنيف ديوى العشرى
رقم الطبعة 21
رقم التصنيف 935.25\
رقم المادة ع د
100 0# - المدخل الرئيسى - إسم شخصى
الإسم الشخصى عبدالرفيع حقيقت .
245 10 - بيان العنوان
العنوان دور الايرانيين في تاريخ الحضارة العالمية :
بقية العنوان لمحات و مقتطفات /
بيان المسئوليه,etc تاليف عبدالرفيع حقيقت ؛ ترجمة علاء عبدالعزيز السباعى ؛ مراجعة و تقديم محمد نورالدين عبدالمنعم .
250 ## - بيان الطبعة
بيان الطبعة ط1.
260 ## - PUBLICATION, DISTRIBUTION, ETC. (IMPRINT)
تاريخ النشر أو التوزيع 2012 .
300 ## - الوصف المادى
التعداد 539 ص ؛
أبعاد الوعاء 24 سم .
490 0# - بيان السلسلة
عنوان السلسلة المشروع القومى للترجمة
رقم المجلد/ التعيين التسلسلي 1826
600 04 - المدخل الاضافى بالموضوع-اسم شخصى
الإسم الشخصى ابو الريحان البيروني .
600 04 - المدخل الاضافى بالموضوع-اسم شخصى
الإسم الشخصى محمد بن زكريا الرازي .
650 04 - المدخل الاضافى بالموضوع-مصطلح موضوعى
مصطلح موضوعي الطب
التقسيم الفرعي العام تاريخ
التقسيم الفرعي الجغرافي ايران .
700 0# - المدخل الاضافى - اسم شخصى
الإسم الشخصى علاء عبدالعزيز السباعى
الدور مترجم .
700 0# - المدخل الاضافى - اسم شخصى
الإسم الشخصى محمد نورالدين عبدالمنعم
الدور مراجع و مقدم .
942 ## - عناصر المدخل الإضافي( كوها)
مصدر التصنيف او مخطط الترفيف Dewey Decimal Classification
Koha [default] item type كتاب
260 ## - PUBLICATION, DISTRIBUTION, ETC. (IMPRINT)
-- القاهرة :
-- المركز القومى للترجمة ،
Holdings
حالة التراجع حالة الفقد حالة تلف ليس للاعارة المكان المؤقت الموقع الحالى تاريخ الاكتساب اجمالي اﻻعارات رقم الطلب الباركود تاريخ اخر مشاهدة تاريخ تفعيل السعر نوع وعاء كوها
        مكتبة القاهرة الكبرى مكتبة القاهرة الكبرى 09/03/2016   935.25\ ع د 162409 09/03/2016 09/03/2016 كتاب

Powered By

EGPV